000 00726nam a2200193Ia 4500
008 151121s9999||||xx |||||||||||||| ||und||
082 _a155।3/मोहाडी
082 _bHNW-113112
100 _aमोहाडीकर लीना
245 _aकामविश्व सांसारिकांचे
260 _b"अजब पुस्तकालय, कोल्हापूर"
260 _c2012
300 _a256
600 _aमोहाडीकर लीना
630 _aकामविश्व सांसारिकांचे
700 _aमोहाडीकर लीना
730 _aकामविश्व सांसारिकांचे
942 _cBOOK
999 _c1262272
_d1262269